000 00211nam a2200097Ia 4500
008 220204s9999 xx 000 0 und d
082 _a82-3
_bSHU
100 _aShute, Nevil
245 0 _aSo disdained
942 _cBK
999 _c33850
_d33850